000 00399nam a2200169Ia 4500
008 170705s9999 xx 000 0 und d
020 _a9780590436045
245 _aCookie's week /
245 _cCindy Ward and Tomie DePaola.
260 _aNew York :
260 _bScholastic,
260 _c1988
300 _aunpaged :
300 _bcolor illustration ;
300 _c19cm.
500 _a100
999 _c335349
_d335349